[Event "AUS-ch Major"]
[Site "Cammeray"]
[Date "2018.01.11"]
[Round "10"]
[White "Tsai, Charles"]
[Black "Lester, George E"]
[Result "1/2-1/2"]
[WhiteElo "1963"]
[BlackElo "1988"]
[PlyCount "63"]
[EventDate "2018.01.02"]
[EventType "swiss"]
[EventRounds "11"]
[EventCountry "AUS"]
[SourceTitle "CBM 182 Extra"]
[Source "ChessBase"]
[SourceDate "2018.02.23"]
[SourceVersion "1"]
[SourceVersionDate "2018.02.23"]
[SourceQuality "1"]

1. e4 e6 2. d4 d5 3. Nd2 Nf6 4. e5 Nfd7 5. c3 c5 6. f4 Nc6 7. Ndf3 cxd4 8. cxd4 a5 9. Bd3 Nb6 10. Ne2 a4 11. 0-0 a3 12. b3 Nb4 13. Bb1 Bd7 14. Nc3 Rc8 15. Bd2 Be7 16. Ng5 g6 17. Rf3 Kf8 18. Rh3 Kg7 19. Qg4 Qe8 20. Qe2 f5 21. Rg3 Na8 22. Bc1 h6 23. Nh3 Bb5 24. Qd1 Na6 25. Nf2 Kh7 26. Rh3 N8c7 27. Bd2 Nb4 28. g4 Kg7 29. Rg3 Kh7 30. Rh3 Kg7 31. Rg3 Kh7 32. Rh3 1/2-1/2

[Event "AUS-ch Major"]
[Site "Cammeray"]
[Date "2018.01.05"]
[Round "5"]
[White "Lester, George E"]
[Black "Slater Jones, Henry"]
[Result "1-0"]
[WhiteElo "1988"]
[BlackElo "1820"]
[PlyCount "63"]
[EventDate "2018.01.02"]
[EventType "swiss"]
[EventRounds "11"]
[EventCountry "AUS"]
[SourceTitle "CBM 182 Extra"]
[Source "ChessBase"]
[SourceDate "2018.02.23"]
[SourceVersion "1"]
[SourceVersionDate "2018.02.23"]
[SourceQuality "1"]

1. d4 d5 2. c4 e6 3. Nc3 Nf6 4. cxd5 Nxd5 5. e4 Nxc3 6. bxc3 c5 7. Nf3 cxd4 8. cxd4 Bb4+ 9. Bd2 Bxd2+ 10. Qxd2 0-0 11. Bc4 b6 12. 0-0 Bb7 13. Rfe1 Nd7 14. Rad1 Nf6 15. Bd3 Rc8 16. Qf4 h6 17. d5 exd5 18. e5 Nd7 19. Qf5 g6 20. Qh3 Kg7 21. e6 fxe6 22. Rxe6 Rf6 23. Rde1 Rxe6 24. Qxe6 Rc6 25. Qxd5 Rc7 26. Qd4+ Kg8 27. Qd6 Rc6 28. Bc4+ Kh8 29. Qf4 g5 30. Qf7 Rc8 31. Re7 Qg8 32. Qxg8+ 1-0

[Event "AUS-ch Major"]
[Site "Cammeray"]
[Date "2018.01.03"]
[Round "3"]
[White "Lester, George E"]
[Black "McGowan, Cameron"]
[Result "1-0"]
[WhiteElo "1988"]
[BlackElo "1951"]
[PlyCount "63"]
[EventDate "2018.01.02"]
[EventType "swiss"]
[EventRounds "11"]
[EventCountry "AUS"]
[SourceTitle "CBM 182 Extra"]
[Source "ChessBase"]
[SourceDate "2018.02.23"]
[SourceVersion "1"]
[SourceVersionDate "2018.02.23"]
[SourceQuality "1"]

1. d4 Nf6 2. c4 g6 3. Nc3 Bg7 4. e4 d6 5. h3 c5 6. d5 0-0 7. Nf3 e6 8. Bd3 exd5 9. cxd5 Re8 10. 0-0 Na6 11. Re1 Nc7 12. a4 a6 13. Bf4 Nh5 14. Bh2 Bf8 15. Qd2 Bd7 16. a5 Qc8 17. Bf1 Bb5 18. e5 Bxf1 19. Kxf1 dxe5 20. Bxe5 Qd7 21. d6 Nb5 22. Ne4 Qc6 23. Rac1 Rad8 24. Rxc5 Qd7 25. Rd5 f5 26. Nc5 Qc6 27. Rd1 Ng7 28. Kg1 Ne6 29. d7 Re7 30. Nxe6 Rxe6 31. Rc1 Bh6 32. Qxh6 1-0

[Event "Melbourne Cup Weekend"]
[Site "Melbourne"]
[Date "2013.11.05"]
[Round "8"]
[White "Chew Lee, Max"]
[Black "Lester, George E"]
[Result "0-1"]
[WhiteElo "1884"]
[BlackElo "2017"]
[PlyCount "60"]
[EventDate "2013.11.01"]
[EventType "swiss"]
[EventRounds "9"]
[EventCountry "AUS"]
[SourceTitle "EXT 2014"]
[Source "ChessBase"]
[SourceDate "2013.11.20"]
[SourceVersion "1"]
[SourceVersionDate "2013.11.20"]
[SourceQuality "1"]

1. e4 c5 2. Nf3 d6 3. d4 cxd4 4. Nxd4 Nf6 5. Nc3 a6 6. Bg5 e6 7. f4 Qb6 8. Qd2 Qxb2 9. Rb1 Qa3 10. Bxf6 gxf6 11. f5 Nc6 12. fxe6 fxe6 13. Nxc6 bxc6 14. e5 Bh6 15. Qd3 0-0 16. exd6 Bf4 17. Be2 Bxd6 18. 0-0 Qc5+ 19. Kh1 Qe5 20. Qh3 Ra7 21. Bc4 Kh8 22. Rbe1 Qa5 23. Bxe6 Bxe6 24. Rxe6 Be5 25. Rxc6 Rg7 26. a4 Rfg8 27. Rf2 Qb4 28. Qf3 Qh4 29. h3 Rg3 30. Qf5 Rxg2 0-1

[Event "Queensland-ch"]
[Site "Brisbane"]
[Date "2013.10.07"]
[Round "9"]
[White "Jule, Alexandra"]
[Black "Lester, George E"]
[Result "0-1"]
[WhiteElo "1948"]
[BlackElo "2013"]
[PlyCount "72"]
[EventDate "2013.10.03"]
[EventType "swiss"]
[EventRounds "9"]
[EventCountry "AUS"]
[SourceTitle "CBM 157 Extra"]
[Source "ChessBase"]
[SourceDate "2013.12.19"]
[SourceVersion "1"]
[SourceVersionDate "2013.12.19"]
[SourceQuality "1"]

1. d4 Nf6 2. Nf3 g6 3. g3 Bg7 4. Bg2 0-0 5. 0-0 d6 6. c4 Nc6 7. Nc3 a6 8. d5 Na5 9. Nd2 c5 10. Qc2 Rb8 11. b3 b5 12. Bb2 bxc4 13. bxc4 e5 14. e4 Bh6 15. f4 exf4 16. gxf4 Nh5 17. Ne2 Bg4 18. Bf3 Qh4 19. Bc3 Nxf4 20. Bxg4 Qxg4+ 21. Ng3 Ne2+ 22. Kg2 Nxc3 23. Qxc3 Bxd2 24. Qxd2 Nxc4 25. Qc3 Rb2+ 26. Rf2 Rxf2+ 27. Kxf2 Qf4+ 28. Ke2 Rb8 29. Rc1 Rb2+ 30. Rc2 Rxc2+ 31. Qxc2 Qe3+ 32. Kf1 Ne5 33. Qb2 Kg7 34. Qc2 h5 35. Qa4 h4 36. Ne2 Nd3 0-1

[Event "Queensland-ch"]
[Site "Brisbane"]
[Date "2013.10.06"]
[Round "6"]
[White "Lester, George E"]
[Black "McClymont, Brodie"]
[Result "0-1"]
[WhiteElo "2013"]
[BlackElo "2243"]
[PlyCount "56"]
[EventDate "2013.10.03"]
[EventType "swiss"]
[EventRounds "9"]
[EventCountry "AUS"]
[SourceTitle "CBM 157 Extra"]
[Source "ChessBase"]
[SourceDate "2013.12.19"]
[SourceVersion "1"]
[SourceVersionDate "2013.12.19"]
[SourceQuality "1"]

1. d4 Nf6 2. c4 g6 3. Nc3 Bg7 4. e4 d6 5. h3 0-0 6. Bg5 c5 7. d5 h6 8. Be3 e6 9. Bd3 exd5 10. cxd5 Re8 11. Nge2 Nbd7 12. 0-0 Ne5 13. Bc2 Nc4 14. Bc1 b5 15. Nxb5 Nxe4 16. Bxe4 Rxe4 17. Qc2 Rh4 18. f4 Nb6 19. Nbc3 Bxh3 20. gxh3 Rxh3 21. Qe4 Qh4 22. f5 Bd4+ 23. Kg2 Rh2+ 24. Kf3 Qh3+ 25. Ng3 Qg2+ 26. Kg4 h5+ 27. Kg5 Qxg3+ 28. Kh6 Bg7# 0-1

[Event "Queensland-ch"]
[Site "Brisbane"]
[Date "2013.10.05"]
[Round "5"]
[White "D'Arcy, Michael"]
[Black "Lester, George E"]
[Result "1/2-1/2"]
[WhiteElo "1876"]
[BlackElo "2013"]
[PlyCount "48"]
[EventDate "2013.10.03"]
[EventType "swiss"]
[EventRounds "9"]
[EventCountry "AUS"]
[SourceTitle "CBM 157 Extra"]
[Source "ChessBase"]
[SourceDate "2013.12.19"]
[SourceVersion "1"]
[SourceVersionDate "2013.12.19"]
[SourceQuality "1"]

1. e4 c5 2. Nf3 d6 3. d4 cxd4 4. Nxd4 Nf6 5. Nc3 a6 6. Be2 e5 7. Nb3 Be7 8. a4 Be6 9. 0-0 Nbd7 10. Be3 Rc8 11. f4 Rxc3 12. bxc3 Nxe4 13. Bd3 exf4 14. Bd4 Nef6 15. Rxf4 Qc7 16. Qe1 0-0 17. Bf5 Bxf5 18. Rxf5 Re8 19. Qg3 Bd8 20. Re1 Re6 21. Nd2 d5 22. Re3 Qc6 23. a5 Bc7 24. Qe1 Bxh2+ 1/2-1/2

[Event "Doeberl Cup Premier 51st"]
[Site "Canberra"]
[Date "2013.04.01"]
[Round "9"]
[White "Lester, George E"]
[Black "Dragicevic, Domagoj"]
[Result "0-1"]
[WhiteElo "2012"]
[BlackElo "2204"]
[PlyCount "56"]
[EventDate "2013.03.28"]
[EventType "swiss"]
[EventRounds "9"]
[EventCountry "AUS"]
[SourceTitle "EXT 2023"]
[Source "ChessBase"]
[SourceDate "2022.10.05"]
[SourceVersion "1"]
[SourceVersionDate "2022.10.05"]
[SourceQuality "1"]

1. d4 Nf6 2. c4 g6 3. Nc3 d5 4. cxd5 Nxd5 5. e4 Nxc3 6. bxc3 Bg7 7. Qa4+ Nd7 8. Nf3 0-0 9. Bg5 c5 10. Rd1 h6 11. Be3 cxd4 12. cxd4 Nb6 13. Qb3 Kh7 14. Be2 Bd7 15. Rc1 e6 16. 0-0 f5 17. exf5 gxf5 18. Bf4 Rg8 19. Be5 Rc8 20. Bxg7 Rxg7 21. Rxc8 Qxc8 22. Ne5 Ba4 23. Qf3 Qc2 24. a3 Qb2 25. Bd3 Qa2 26. Rc1 Bb3 27. h3 Bd5 28. Bb1 Qb2 0-1

[Event "Doeberl Cup Premier 51st"]
[Site "Canberra"]
[Date "2013.03.31"]
[Round "8"]
[White "Akshat, Khamparia"]
[Black "Lester, George E"]
[Result "1-0"]
[WhiteElo "2383"]
[BlackElo "2012"]
[PlyCount "85"]
[EventDate "2013.03.28"]
[EventType "swiss"]
[EventRounds "9"]
[EventCountry "AUS"]
[SourceTitle "EXT 2023"]
[Source "ChessBase"]
[SourceDate "2022.10.05"]
[SourceVersion "1"]
[SourceVersionDate "2022.10.05"]
[SourceQuality "1"]

1. d4 g6 2. g3 Bg7 3. Bg2 Nf6 4. Nf3 0-0 5. 0-0 d6 6. c4 Nc6 7. Nc3 a6 8. h3 Bd7 9. b3 e5 10. d5 Ne7 11. e4 Ne8 12. Be3 h6 13. Qd2 Kh7 14. Ne1 f5 15. Nd3 Nf6 16. Kh2 g5 17. f4 exf4 18. gxf4 Nxe4 19. Nxe4 Bxa1 20. Nxg5+ hxg5 21. Rxa1 g4 22. Rh1 g3+ 23. Kxg3 Ng6 24. h4 Qf6 25. Ne1 Rae8 26. Nf3 Ne5 27. Ng5+ Kg8 28. fxe5 dxe5 29. Bc5 Rf7 30. Nxf7 Kxf7 31. Kf2 Rg8 32. Kf1 f4 33. Bf3 Rg3 34. Bh5+ Kg8 35. Bf2 Rg7 36. Bf3 Bf5 37. h5 Qh6 38. Qe2 Qh7 39. Qxe5 Re7 40. Rg1+ Kf7 41. Rg7+ Qxg7 42. Qxf5+ Kg8 43. Qg4 1-0

[Event "Doeberl Cup Premier 51st"]
[Site "Canberra"]
[Date "2013.03.31"]
[Round "7"]
[White "Lester, George E"]
[Black "Johansen, Darryl Keith"]
[Result "1/2-1/2"]
[WhiteElo "2012"]
[BlackElo "2430"]
[PlyCount "65"]
[EventDate "2013.03.28"]
[EventType "swiss"]
[EventRounds "9"]
[EventCountry "AUS"]
[SourceTitle "EXT 2023"]
[Source "ChessBase"]
[SourceDate "2022.10.05"]
[SourceVersion "1"]
[SourceVersionDate "2022.10.05"]
[SourceQuality "1"]

1. d4 e6 2. c4 Nf6 3. Nc3 Bb4 4. e3 0-0 5. Nge2 d5 6. a3 Be7 7. cxd5 exd5 8. Nf4 c6 9. Bd3 Re8 10. 0-0 Nbd7 11. f3 Nf8 12. Bc2 Ne6 13. e4 dxe4 14. Nxe6 Bxe6 15. fxe4 c5 16. e5 Nd5 17. Ne4 cxd4 18. Qd3 g6 19. Ba4 Ne3 20. Bxe3 dxe3 21. Qxe3 Rf8 22. Kh1 Qa5 23. Nf6+ Kg7 24. Rf4 g5 25. Qe4 Rh8 26. Rf3 h5 27. Raf1 Rad8 28. Bd7 Rxd7 29. Nxd7 Qd5 30. Qxd5 Bxd5 31. Rc3 Bc6 32. Nf6 Kg6 33. Rd1 1/2-1/2

[Event "Doeberl Cup Premier 51st"]
[Site "Canberra"]
[Date "2013.03.28"]
[Round "2"]
[White "Lester, George E"]
[Black "Illingworth, Max"]
[Result "0-1"]
[WhiteElo "2012"]
[BlackElo "2423"]
[PlyCount "46"]
[EventDate "2013.03.28"]
[EventType "swiss"]
[EventRounds "9"]
[EventCountry "AUS"]
[SourceTitle "CBM 153 Extra"]
[Source "ChessBase"]
[SourceDate "2013.04.22"]
[SourceVersion "1"]
[SourceVersionDate "2013.04.22"]
[SourceQuality "1"]

1. d4 Nf6 2. c4 e6 3. Nc3 Bb4 4. e3 0-0 5. Nge2 c6 6. a3 Ba5 7. b4 Bc7 8. Ng3 d5 9. f4 Qe7 10. c5 b6 11. Rb1 a5 12. cxb6 Bxb6 13. Na4 Bc7 14. b5 cxb5 15. Bxb5 Ba6 16. Nc5 Bxb5 17. Rxb5 Nbd7 18. Nxd7 Qxd7 19. Rc5 Bd6 20. Rc2 Qb5 21. Qe2 Qb3 22. 0-0 Rfc8 23. Ra2 a4 0-1

[Event "Doeberl Cup Premier 50th"]
[Site "Canberra"]
[Date "2012.04.08"]
[Round "7"]
[White "Tan, Justin Hy"]
[Black "Lester, George E"]
[Result "1/2-1/2"]
[WhiteElo "2179"]
[BlackElo "1990"]
[PlyCount "32"]
[EventDate "2012.04.05"]
[EventType "swiss"]
[EventRounds "9"]
[EventCountry "AUS"]
[SourceTitle "EXT 2023"]
[Source "ChessBase"]
[SourceDate "2022.10.05"]
[SourceVersion "1"]
[SourceVersionDate "2022.10.05"]
[SourceQuality "1"]

1. e4 e5 2. Nf3 Nc6 3. Bb5 Nf6 4. Qe2 Bc5 5. c3 0-0 6. 0-0 Re8 7. Rd1 a6 8. Ba4 b5 9. Bc2 d5 10. d4 exd4 11. cxd4 dxe4 12. dxc5 exf3 13. Qxf3 Bg4 14. Rxd8 Raxd8 15. Qe3 Nd4 16. Bd3 Rxe3 1/2-1/2

[Event "Queenstown op"]
[Site "Queenstown"]
[Date "2012.01.22"]
[Round "8"]
[White "Louie, Ryan"]
[Black "Lester, George E"]
[Result "1-0"]
[WhiteElo "1677"]
[BlackElo "2008"]
[PlyCount "70"]
[EventDate "2012.01.15"]
[EventType "swiss"]
[EventRounds "9"]
[EventCountry "NZL"]
[SourceTitle "CBM 146 Extra"]
[Source "ChessBase"]
[SourceDate "2012.02.29"]
[SourceVersion "1"]
[SourceVersionDate "2012.02.29"]
[SourceQuality "1"]

1. d4 Nf6 2. c4 g6 3. Nc3 Bg7 4. e4 d6 5. f3 0-0 6. Be3 a6 7. Qd2 Nbd7 8. g4 c5 9. Nge2 cxd4 10. Nxd4 h5 11. h3 Ne5 12. Be2 Bd7 13. f4 Nc6 14. 0-0-0 hxg4 15. hxg4 Nxg4 16. Bxg4 Bxg4 17. Nxc6 bxc6 18. Rdg1 f5 19. Rxg4 fxg4 20. f5 gxf5 21. Qh2 Rf7 22. Qh7+ Kf8 23. Bh6 Bxh6+ 24. Qxh6+ Ke8 25. Qg6 e6 26. Rh8+ Ke7 27. Qg5+ Kd7 28. Rxd8+ Rxd8 29. Ne2 fxe4 30. Qxg4 d5 31. Nd4 Re8 32. c5 Rfe7 33. a4 Kc7 34. Qg6 Kd7 35. Qf6 Kc8 1-0

[Event "Queenstown op"]
[Site "Queenstown"]
[Date "2012.01.19"]
[Round "5"]
[White "Lester, George E"]
[Black "Tsoi, Nicole"]
[Result "1/2-1/2"]
[WhiteElo "2008"]
[BlackElo "1715"]
[PlyCount "59"]
[EventDate "2012.01.15"]
[EventType "swiss"]
[EventRounds "9"]
[EventCountry "NZL"]
[SourceTitle "CBM 146 Extra"]
[Source "ChessBase"]
[SourceDate "2012.02.29"]
[SourceVersion "1"]
[SourceVersionDate "2012.02.29"]
[SourceQuality "1"]

1. d4 e6 2. c4 f5 3. g3 Nf6 4. Bg2 Be7 5. Nf3 0-0 6. 0-0 d6 7. b3 a5 8. Bb2 Ne4 9. Nbd2 Nd7 10. Nxe4 fxe4 11. Nd2 d5 12. e3 Qe8 13. f3 exf3 14. Bxf3 c6 15. e4 Nb6 16. Qe2 Bg5 17. Ba3 Rf7 18. exd5 cxd5 19. Bc5 Qd8 20. cxd5 Nxd5 21. Bxd5 exd5 22. Rxf7 Kxf7 23. Rf1+ Bf6 24. Nf3 Kg8 25. Ne5 b6 26. Nc6 Qd7 27. Ne7+ Bxe7 28. Qxe7 Qxe7 29. Bxe7 Bd7 30. Bd6 1/2-1/2

[Event "Queenstown op"]
[Site "Queenstown"]
[Date "2012.01.16"]
[Round "2"]
[White "Smith, Robert Wayne"]
[Black "Lester, George E"]
[Result "1-0"]
[WhiteElo "2273"]
[BlackElo "2008"]
[PlyCount "115"]
[EventDate "2012.01.15"]
[EventType "swiss"]
[EventRounds "9"]
[EventCountry "NZL"]
[SourceTitle "CBM 146 Extra"]
[Source "ChessBase"]
[SourceDate "2012.02.29"]
[SourceVersion "1"]
[SourceVersionDate "2012.02.29"]
[SourceQuality "1"]

1. e4 e5 2. Nf3 Nc6 3. Bb5 Nf6 4. d3 d6 5. c3 g6 6. 0-0 Bg7 7. Re1 0-0 8. h3 a6 9. Ba4 b5 10. Bb3 Na5 11. Bc2 c5 12. Nbd2 Re8 13. Nf1 Bb7 14. b4 cxb4 15. cxb4 Nc6 16. Rb1 d5 17. Bg5 Qd6 18. a3 Rac8 19. Bxf6 Bxf6 20. exd5 Ne7 21. Ng3 Nxd5 22. Ne4 Qb6 23. Qd2 Bg7 24. Bb3 h6 25. Qa2 Rcd8 26. Rbc1 Re7 27. Nc5 Nf4 28. Re3 Bc6 29. Rce1 Nd5 30. Bxd5 Bxd5 31. Qe2 Rde8 32. Nd4 e4 33. Nf3 exf3 34. Rxe7 fxe2 35. Rxe8+ Kh7 36. R1xe2 a5 37. Rc8 axb4 38. axb4 Qf6 39. Ne4 Qa1+ 40. Kh2 Qf1 41. Rd2 Be5+ 42. g3 Be6 43. Rd8 Qxh3+ 44. Kg1 Qf5 45. Nc5 Bc7 46. Re8 Bd5 47. Ne4 Kg7 48. Rc2 Qd7 49. Rg8+ Kxg8 50. Nf6+ Kg7 51. Nxd7 Bd6 52. Nc5 f5 53. Re2 Kf7 54. Re1 f4 55. gxf4 Bxf4 56. Ne4 h5 57. f3 g5 58. Nxg5+ 1-0

[Event "AUS-ch Major"]
[Site "Cammeray"]
[Date "2011.01.10"]
[Round "8"]
[White "Lester, George E"]
[Black "Rachmadi, Herman"]
[Result "1-0"]
[WhiteElo "1951"]
[BlackElo "1836"]
[PlyCount "109"]
[EventDate "2011.01.02"]
[EventType "swiss"]
[EventRounds "11"]
[EventCountry "AUS"]
[SourceTitle "CBM 140 Extra"]
[Source "ChessBase"]
[SourceDate "2011.03.01"]
[SourceVersion "1"]
[SourceVersionDate "2011.03.01"]
[SourceQuality "1"]

1. d4 d5 2. c4 e6 3. Nc3 c5 4. cxd5 exd5 5. Nf3 cxd4 6. Nxd4 Nc6 7. g3 Nf6 8. Bg2 Be7 9. 0-0 0-0 10. Be3 h6 11. Rc1 Nxd4 12. Bxd4 Be6 13. Qb3 Ne4 14. Rfd1 Bf6 15. Qa4 Bxd4 16. Qxd4 Nxc3 17. Rxc3 Qa5 18. a3 Rad8 19. Rcd3 Rd7 20. Qe5 Rfd8 21. e4 Bg4 22. Rc1 f6 23. Qf4 dxe4 24. Rxd7 Bxd7 25. Qxe4 Qd2 26. Qd5+ Qxd5 27. Bxd5+ Kh8 28. Bxb7 Bh3 29. Bg2 Bxg2 30. Kxg2 Kh7 31. Rc7 Rb8 32. b4 a5 33. Rc4 a4 34. Rc5 Rd8 35. Ra5 Rd3 36. Rxa4 Rb3 37. Ra5 g5 38. b5 Kg7 39. a4 Kf7 40. Ra6 Ke7 41. b6 Kd7 42. Ra7+ Kc6 43. a5 f5 44. b7 Rxb7 45. Rxb7 Kxb7 46. Kf3 Ka6 47. Ke3 Kxa5 48. Kd4 f4 49. gxf4 gxf4 50. Ke4 Kb6 51. Kxf4 Kc5 52. Ke5 Kc6 53. Ke6 Kc7 54. Ke7 Kc6 55. f4 1-0